• 首页
  • 本馆介绍
  • 公告通知
  • 最新文献
  • 馆藏检索
  • 电子资源
  • 读者导购
  • 参考咨询
  • 我的图书馆
  • 登录
  • 详细信息显示
  • 放入我的书架
  • 预约/预借图书
  • 作者相关作品
  • 分类相关作品
  • 丛书相关作品
  • 出版社相关作品

书目信息

  • 表格格式
  • 工作单格式
  • 卡片格式
书名: Life, liberty, and the pursuit of happiness
作者: edited by P. Scott Corbett, Ronald C. Naugle.
分册号:
分册名:
出版地: Boston :
 
出版社: McGraw-Hill
出版时间: c2004.
页数: 2 v. :
开本: 24 cm.
丛书名:
中图分类号:
科图分类号:
其他分类号: B825
主题词:
电子资源: http://www.loc.gov/catdir/toc/mh031/2003106815.html      http://www.loc.gov/catdir/description/mh031/2003106815.html     
000 01375cam a2200313 a 450
001 E0753040404
005 20070320145427.20
008 030512s2004 maua 000 0 eng
010    @a2003106815
020    @a0072839996 (v. 1).
020    @a0072840196 (v. 2).
035    @a(DLC) 2003106815
040    @aDLC@cDLC@dDLC
043    @an-us---
050 00 @aE173@b.L696 2004
082 00 @a973@2 22
090    @aB825
099    @dB825@ex14
245 00 @aLife, liberty, and the pursuit of happiness :@bdocuments in American history / @cedited by P. Scott Corbett, Ronald C. Naugle.
250    @a1st ed.
260    @aBoston :@bMcGraw-Hill,@cc2004.
300    @a2 v. :@bill. ;@c24 cm.
505 0  @av. 1. To 1877 -- v. 2. 1861 to present.
651  0 @aUnited States@xHistory@vSources.
856 41 @3 Table of contents@uhttp://www.loc.gov/catdir/toc/mh031/2003106815.html
856 42 @3 Publisher description@uhttp://www.loc.gov/catdir/description/mh031/2003106815.html
906    @a7@bcbc@corignew@d2@eepcn@f20@gy-gencatlg
925 0  @aacquire@b2 shelf copies@xpolicy default
955    @apc20 2003-05-12@apv21 2003-07-29 to HLCD@aADDED VOLS: v.1 pv17 2003-11-19 to HLCD@clk19 2003-12-04 add vol. 1; to BCCD 12-04-03@dlk03 2004-01-12 to shelflisting@elk18 2004-02-17; to Dewey 02-17-04@aaa25 2004-02-25@alg08 2005-12-20 v. 2, c. 2 to BCCD@alc15 2006-06-16 (v.1,c.2)
    
    Life, liberty, and the pursuit of happiness : : documents in American history / / edited by P. Scott Corbett, Ronald C. Naugle.-1st ed.-Boston : : McGraw-Hill, , c2004.
    2 v. : : ill. ; ; 24 cm.
    v. 1. To 1877 -- v. 2. 1861 to present.
    
    ISBN 0072839996 (v. 1).
    
●
相关链接 在E读中查询图书 在五车中查询图书 在当当中查询图书 在豆瓣中查询图书


正题名:Life, liberty, and the pursuit of happiness     索取号:B825/x14         预约/预借

序号 登录号 条形码 馆藏地/架位号 状态 备注
1 0002108   300021081   第二样本阅览室/ [索取号:B825/x14] 在馆    
2 0002109   300021090   第四借阅区/ [索取号:B825/x14] 在馆    
3 0002110   300021107   第四借阅区/ [索取号:B825/x14] 在馆    
唐山师范学院图书馆 欢迎您!
大连网信软件有限公司© 版权所有